MDQL
is popping MORE tags! Check the
thread
!
Quizzes
Events
Quiz Creation
Community
Videos
Private Events
Remove Ads
Sign In
Join for FREE
Feedback
Dark Mode
Quiz Categories
Sports
Geography
Music
Movies
Television
Just For Fun
Miscellaneous
History
Literature
Language
Science
Gaming
Entertainment
Religion
Holiday
For Kids
Quiz Lab
Recent
Popular Today
Quiz Kudos Today
Editor Picks
Curator Picks
Quizzes by...
Day
Popularity
Type
Ratings
Length
Year
Community
Subscriptions
Recent Discussions
Orange Saloon
Badges
Playlists
Quests
Create
Leaderboards
Showdown
Live 5
Trivia Bingo
Activity
Puzzle Library
Sporcle Events
Private Events
Virtual Trivia
Globe League
Become a Host
Pub Owners
SporcleCon
Opinionation
Our Games
Videos
Blog
Mobile Apps
Partnerships
Remove Ads and Go Orange
Feedback
Sports
Athletes
MLB
NBA
NHL
NFL
Soccer
Sports Teams
WWE
NCAA
Football
Premier League
Basketball
Baseball
Hockey
Golf
Tennis
Cricket
Rugby
Auto Racing
Olympics
World Cup
Sports
Athletes
MLB
NBA
NHL
NFL
Soccer
Sports Teams
WWE
NCAA
Football
Premier League
Basketball
Baseball
Hockey
Golf
Tennis
Cricket
Rugby
Auto Racing
Olympics
World Cup
Random Quiz
Search Sporcle
×
Quiz Lab
Quiz Lab
Sports
Football
Type in answers that appear in a list
Type in answers that appear in a list
Classic
Best Score? Go Orange.
Scottish Football Grounds Stats
Can you name the Scottish Football Grounds?
By
500cameron
10m
42 Questions
806 Plays
806 Plays
806 Plays
Comments
Comments
Give Quiz Kudos
Give Quiz Kudos
-
- Ratings
hide this ad
Replay
Link that replays current quiz
Next Quiz
Link to next quiz in quiz playlist
You Got
0%
They Got
Avg Score
56%
Avg Friend Score
Upgrade to see
Score Distribution
Jump to the score distribution portion of the page
Score
0/42
Timer
10:00
0
Plays Today
Club
Name of Stadium
% Correct
Celtic
Celtic Park
95.8%
Aberdeen
Pittodrie
95%
Rangers
Ibrox
93.2%
Hibernian
Easter Road
88.8%
Dundee United
Tannadice Park
87.6%
Hearts of Midlothian
Tynecastle Park
87.5%
Dundee
Dens Park
84.5%
Motherwell
Fir Park
83.2%
Queen's Park
Hampden Park
79.6%
Kilmarnock
Rugby Park
78.4%
Partick Thistle
Firhill Stadium
75%
Dunfermline Athletic
East End Park
69.6%
Falkirk
The Falkirk Stadium
64.5%
Ayr United
Somerset Park
62.1%
Raith Rovers
Stark's Park
60.6%
Arbroath
Gayfield Park
58.3%
Hamilton Accies
New Douglas Park
58.1%
Greenock Morton
Cappielow Park
57.6%
Livingston
Braidwood Motor Company Stadium (until 2013)
56.1%
St. Mirren
St. Mirren Park
56.1%
St. Johnstone
McDiarmid Park
55.5%
Club
Name of Stadium
% Correct
Airdrie United
Excelsior Stadium
50.1%
Clyde
Broadwood Stadium
49.8%
Brechin City
Glebe Park
49.7%
Inverness CT
Tulloch Caledonian Stadium
47.7%
Queen of the South
Palmerston Park
47.1%
East Stirlingshire
Ochilview Park
43.9%
Stenhousemuir
Ochilview Park
43.7%
Cowdenbeath
Central Park
43.1%
Forfar Athletic
Station Park
43%
Stranraer
Stair Park
41.2%
East Fife
Bayview Stadium
41.1%
Alloa
Recreation Park
41%
Albion Rovers
Cliftonhill
39.5%
Ross County
Victoria Park
38.5%
Berwick Rangers
Shielfield Park
33.5%
Montrose
Links Park Stadium
33.5%
Annan Athletic
Galabank
30.9%
Stirling Albion
Doubletree Dunblane Stadium
28.4%
Elgin City
Borough Briggs
27.5%
Peterhead
Balmoor Stadium
26.2%
Dumbarton
Strathclyde Homes Stadium
17.3%
Quiz Playlist
Details
Report
Send in Message
Add To Playlist
Classic:
Type in answers that appear in a list
Last Updated: Feb 16, 2017
Quiz Scoreboard
CHALLENGE
Sign Up to Join the Scoreboard
Show All
Scores
Hide
Comments
May contain spoilers
Recently Published
Image Sorting: Flags VI
by Barbecue
Geography
2m
Find the 'City' Movie
by crazypaving
Movies
60s
Colored Red Africa Blitz
by spor1
Geography
45s
More to Explore
Quiz From the Vault
Featured Blog Post
14 Easter Pick-up Lines to Find Eggs With
hide this ad
You Might Also Like...
Tags
Football Quiz
scottish
Scottish Clubs
Scottish Football
Scottish League
sfl
spl
Stadiums
Today's Top Quizzes in Sports
Browse Sports
hide this ad
Today's Top Quizzes in Football
Browse Football
Top Contributed Quizzes in Sports
1
Les meilleurs buteurs des matchs entre le PSG et l’OM
2
Les entraîneurs de l'OM et du PSG au 21e siècle
3
Les joueurs passés par le PSG et l'OM
4
2022 World Cup Stars
5
Players with Multiple 50 Home Run Seasons
6
Criteria MLB: Left Handed Sluggers
7
Les joueurs passés par le LOSC et le RC Lens
8
NBA Logic Puzzle 2.0
9
MLB Players with Two .350 Batting Average Seasons
10
FIFA Club World Cup Champions
Explore More
Trending Topics
Anime
Disney
Kpop
Marvel
Crossword
Harry Potter
NBA
Song
The Office
Puzzle
Pokémon
Country
Soccer
NFL
WWE
hide this ad
More By:
500cameron
Quiz
Plays
Rating
Category
Featured
Created
Populous cities or towns of Scotland by any 3 letters
4,110
4.39
Geography
Oct 30, 2012
The End of English Football
3,107
2.12
Sports
Sep 21, 2011
SPL Hat Trick Heroes
1,426
4.75
Sports
Aug 14, 2012
Nationality of Cosmo/Astronauts
967
4.42
History
Sep 21, 2011
Football Team by home City/Town (Clickable)
898
4.33
Sports
Aug 15, 2012
Go to Creator's Profile
Score Distribution
Quiz Creator Spotlight
500cameron
Follow
Send a Message
Quizzes Created
-
Created Quiz Play Count
-
More By This Creator
Popular Quizzes Today
1
Colored Red Africa Blitz
2
Find the US States - No Outlines Minefield
3
Find the 'City' Movie
4
5x2 Blitz: Bands
5
The Countries of the World
6
Find the US States
7
Find the Countries of Europe - No Outlines Minefield
8
US States
More Sports Quizzes
Every WWE/NXT Titleholder (2010-2019) chronologically
Quiz Lab
Trending Quizzes
Colored Red Europe Blitz I
Colored Red Europe Blitz II
Colored Red Africa Blitz II
Colored Red Europe Blitz III
Colored Red Africa Blitz III
Recently Updated
How Do You Spell That?
pecheneg
Godzilla Movies
pecheneg
Grab Bag: 4-10 Letters
pecheneg
2024 March Madness Bracket
pecheneg
Famous TV Couples
Peacemaker
Champions League XIs: Real Madrid
pecheneg
Largest US Cities 1790-2010
pecheneg
Rides in Walt Disney World
pecheneg
Most Oscar Losses (Acting)
pecheneg
Beyoncé Albums
pecheneg
Trending Topics
NBA
Harry Potter
Disney
Kpop
Anime
Marvel
Crossword
Soccer
Country
Puzzle
WWE
Pokémon
The Office
NFL
Song
Your Account Isn't Verified!
In order to create a playlist on Sporcle, you need to verify the email address you used during registration. Go to your
Sporcle Settings
to finish the process.
Report this User
Report this user for behavior that violates our
Community Guidelines
.
Details:
Send Report
Go to the Sporcle.com Mobile Site →
Comments